[Event "Smederevska Palanka"]
[Site "Smederevska Palanka"]
[Date "1982.??.??"]
[Round "10"]
[White "Smejkal, Jan"]
[Black "Barlov, Dragan"]
[Result "1-0"]
[WhiteElo "2570"]
[BlackElo "2405"]

1.Nf3 Nf6 2.c4 g6 3.g3 Bg7 4.Bg2 O-O 5.d4 d6 6.O-O c6 7.Nc3 Nbd7 8.e4 e5
9.b3 Re8 10.h3 exd4 11.Nxd4 Nc5 12.Re1 Qb6 13.Be3 a5 14.Rb1 Bd7 15.Qc2 Rad8
16.a3 Qc7 17.b4 axb4 18.axb4 Ne6 19.Na4 Nxd4 20.Bxd4 c5 21.bxc5 dxc5 22.Bc3 Nh5
23.Nb6 Bc6 24.Nd5 Qd6 25.Red1 Qf8 26.Qb2 Rb8 27.e5 Bxd5 28.Rxd5 f6 29.e6 Kh8
30.Re1 Re7 31.Rd7 Rbe8 32.Bd5 f5 33.Bxg7+ Qxg7 34.Qxb7 Nf6 35.Rxe7 Qxe7 36.Qb2 Kg8
37.Ra1 h5 38.Ra6 Kg7 39.Rb6 Rc8 40.Qe5 Rc7 41.Bc6 Ra7 42.Bd5 Kh7 43.Rb8 Rc7
44.Rf8  1-0

[Event "BUL-ch"]
[Site "Sofia"]
[Date "1982.??.??"]
[Round "4"]
[White "Kirov, Nino"]
[Black "Toshkov, Tihomir"]
[Result "1/2-1/2"]
[WhiteElo "2440"]
[BlackElo "2370"]

1.c4 Nf6 2.Nf3 g6 3.g3 Bg7 4.Bg2 O-O 5.O-O d6 6.d4 c5 7.Nc3 Nc6 8.b3 Bf5
9.Bb2 Qc8 10.d5 Ne5 11.Nh4 Bh3 12.f4 Bxg2 13.Kxg2 Neg4 14.Qd2 e6 15.h3 Nh6
16.e4 exd5 17.Nxd5 Nxd5 18.Bxg7 Kxg7 19.Qxd5 Qc6 20.Rad1 Rad8 21.Nf3 f6 22.Rfe1 Qxd5
23.Rxd5 Nf7 24.Nd2 a6 25.a4 b5 26.axb5 axb5 27.cxb5 Rb8 28.Ra1 Rxb5 29.Ra7 Kg8
30.h4 Rd8 31.g4 h6 32.Kf2 Rb4 33.Ke3  1/2-1/2

[Event "JUG-ch"]
[Site "Vrbas"]
[Date "1982.??.??"]
[Round "?"]
[White "Vukic, Milan"]
[Black "Barlov, Dragan"]
[Result "0-1"]
[WhiteElo "2465"]
[BlackElo "2405"]

1.Nf3 Nf6 2.c4 g6 3.g3 Bg7 4.Bg2 O-O 5.O-O c5 6.d4 cxd4 7.Nxd4 Nc6 8.Nc3 Nxd4
9.Qxd4 d6 10.Qd3 Qa5 11.h3 Bf5 12.e4 Be6 13.Bd2 Rfc8 14.b3 a6 15.f4 Rab8
16.Kh2 Qd8 17.a4 Bd7 18.Rfe1 Bc6 19.Rab1 Nd7 20.Qe3 b6 21.Nd5 Nc5 22.Red1 a5
23.Be1 e6 24.Nc3 Qe7 25.Bf3 Re8 26.g4 Rbd8 27.Nb5 Bf8 28.Bh1 Bh6 29.g5 Bg7
30.Bg3 Bf8 31.Re1 Qb7 32.Nd4 Bd7 33.Rbd1 e5 34.Nb5 exf4 35.Bxf4 Bc6 36.Nxd6 Bxd6
37.Bxd6 Nxe4 38.Bf4 Rxd1 39.Rxd1 h6 40.gxh6 Kh7 41.Qd4 f5 42.h4 Re7 43.Rg1 Rd7
44.Qb2 Rd2+ 45.Qxd2 Nxd2 46.Bxd2 Qc7+ 47.Kh3 Bxh1 48.Rxh1 f4 49.Kg2 Qc6+
50.Kh2 Qf6 51.Be1 Qb2+ 52.Kg1 Qxb3 53.Bf2 Qxc4 54.Rh3 Qxa4  0-1

[Event "Hoogovens-B"]
[Site "Wijk aan Zee"]
[Date "1982.??.??"]
[Round "8"]
[White "Iskov, Gert"]
[Black "Scheeren, Peter"]
[Result "1/2-1/2"]
[WhiteElo "2380"]
[BlackElo "2430"]

1.Nf3 Nf6 2.g3 g6 3.Bg2 Bg7 4.c4 O-O 5.d4 d6 6.O-O Nbd7 7.Qc2 e5 8.Rd1 Re8
9.dxe5 dxe5 10.e4 c6 11.h3 Qe7 12.b3 Nc5 13.Nc3 Bf8 14.b4 Ne6 15.Rb1 a5 16.a3 axb4
17.axb4 Rd8 18.Rxd8 Nxd8 19.Be3 Qc7 20.c5 Be6 21.Bf1 Nd7 22.Na4 Kh8 23.Rd1 f6
24.Nd2 Be7 25.Nc4 Nf7 26.Na5 Kg7 27.Kh2 Nf8 28.Bc4 Rd8 29.Rxd8 Nxd8 30.Bxe6 Ndxe6
31.Qd2 Nd7 32.Qc3 Nd8 33.Kg2 Nf8 34.Nb6 Nde6 35.Qd2 Kf7 36.Nbc4 Nd7 37.f4 Nd8
38.g4 Kg7 39.f5 Nf7 40.h4 Nf8 41.Nb6 Qb8 42.g5 Qc7 43.gxf6+ Bxf6 44.Bg5 gxf5
45.exf5 h6 46.Bxf6+ Kxf6 47.Nbc4 Kxf5 48.Qf2+ Kg6 49.Qg3+ Kf6 50.Qf3+ Ke7
51.Qf5 Ne6 52.Qh5 Nf8 53.Qf5 Nd7 54.Qg6 Nf6 55.Ne3 Qd7 56.Nf5+ Ke6 57.Ng7+ Ke7
58.Nf5+ Ke6 59.Ng7+  1/2-1/2

[Event "Yerevan zt"]
[Site "Yerevan"]
[Date "1982.??.??"]
[Round "5"]
[White "Romanishin, Oleg M"]
[Black "Tukmakov, Vladimir B"]
[Result "1/2-1/2"]
[WhiteElo "2580"]
[BlackElo "2500"]

1.Nf3 Nf6 2.g3 g6 3.Bg2 Bg7 4.c4 O-O 5.d4 d6 6.O-O Nc6 7.Nc3 a6 8.b3 Rb8
9.Bb2 b5 10.cxb5 axb5 11.Rc1 b4 12.Nb1 Na7 13.Ne1 c6 14.Nd3 Ba6 15.Qc2 Nd7
16.Rfd1 Qb6 17.Nf4 Rfc8 18.Bh3 Qd8 19.a4 bxa3 20.Nxa3 Rb7 21.Nc4 c5 22.dxc5 Bxc4
23.Bxg7 Bxb3 24.Qb2 Rxc5 25.Bh6 Nf6 26.Rxc5 Qb8 27.Rcc1 Bxd1 28.Qa1 Bb3 29.Bg2 d5
30.Nxd5 Bxd5 31.Bxd5 Rc7 32.Rb1 Qd8 33.Bf3 Ne8 34.Be3 Nc8 35.Rb8 Qd7 36.Kg2 Ncd6
37.Bf4 Rc8 38.Rb6 Qc7 39.Rc6 Qd8 40.Ra6 Nc7 41.Ra7 Ncb5 42.Ra4 Qc7 43.Bg5 f6
44.Bd2 Kg7 45.Ra6 Qc2 46.Bf4 Qc3 47.Qa2 Qc4 48.Qd2 h5 49.Bd5 Qc3 50.Qxc3 Rxc3
51.Rb6 g5 52.Be3 Nc7 53.Bb3 Nc4 54.Bd4 Nxb6 55.Bxc3 Nd7 56.Bb4 e5 57.e3 g4
58.Bc2 Nd5 59.Ba3 Nf8 60.h3 gxh3+ 61.Kxh3 Ng6 62.Bc1 Nc7 63.Bd1 f5 64.Bxh5 Nd5
65.Bf3 Nf6 66.Bb2 Kf7 67.Bd1 e4 68.Be2 Ke6 69.Ba6 Kf7 70.Kg2 Ng4 71.Bc8 Ne7
72.Bd7 Kg6 73.Bc3 Nd5 74.Bd4 Kg5 75.Bb5 Ndf6 76.Bc6 Kg6 77.f3 exf3+ 78.Kxf3 Kg5
79.Bb7 Nh2+ 80.Kg2 Nhg4 81.Ba7 Ne4 82.Bb6 Nef6 83.Bc6 Ne5 84.Ba8 Neg4 85.Bf3 Ne4
86.Ba7 Ne5 87.Be2 Ng4 88.Bd3 Ne5 89.Bc2 Ng4 90.Bb6 Nef6 91.Kf3 Nh2+ 92.Kf2 Ne4+
93.Kg2 Ng4 94.Bd8+ Kg6 95.Kf3 Ng5+ 96.Ke2 Ne4 97.Bc7 Ngf6 98.Be5 Kg5 99.Kf3 Nd2+
100.Ke2 Nde4 101.Kf3 Nd2+ 102.Kg2 Nd5 103.Bd4 Ne4 104.Bxe4 fxe4 105.Kh3 Nc7
106.g4 Ne6 107.Bb6 Kg6 108.Kg3 Kg5 109.Kh3 Kg6 110.Kh4 Ng5 111.Bc7 Ne6 112.Bd6 Ng7
113.Kg3 Ne6 114.Bb8 Kg5 115.Be5 Kg6 116.Bf4 Kf6 117.Kf2 Kg6 118.Ke2 Nc5 119.Kd2 Nd7
120.Kc3 Nf6 121.g5 Nh7 122.Kd4 Kf5 123.Kd5 Nf8  1/2-1/2

[Event "Yerevan zt"]
[Site "Yerevan"]
[Date "1982.??.??"]
[Round "6"]
[White "Romanishin, Oleg M"]
[Black "Tseshkovsky, Vitaly"]
[Result "1/2-1/2"]
[WhiteElo "2580"]
[BlackElo "2595"]

1.Nf3 Nf6 2.g3 g6 3.Bg2 Bg7 4.c4 O-O 5.d4 d6 6.O-O Nc6 7.Nc3 a6 8.b3 Rb8
9.Bb2 b5 10.cxb5 axb5 11.Rc1 Na5 12.Qc2 b4 13.Nb1 c6 14.e4 Ne8 15.Nbd2 Nc7
16.Rfd1 Nb5 17.Nf1 Qb6 18.Ne3 Qa7 19.e5 Bd7 20.Qd2 Nb7 21.d5 Nc3 22.Rxc3 bxc3
23.Bxc3 Rbc8 24.Bd4 c5 25.Ba1 dxe5 26.Nxe5 Nd6 27.h4 Rfd8 28.N3c4 Be8 29.Nxd6 Rxd6
30.Nc4 Ra6 31.Bxg7 Kxg7 32.a4 Rd8 33.Re1 f6 34.h5 Bf7 35.h6+ Kf8 36.Qf4 Bxd5
37.Rd1 Qa8 38.Rxd5 Rxd5 39.Bxd5 Qxd5 40.Qb8+ Kf7 41.Qh8 Qd1+ 42.Kg2 Qd5+
43.f3 Qd3 44.Qxh7+ Ke8 45.Qg8+ Kd7 46.h7 Qe2+ 47.Kg1 Qe1+  1/2-1/2

[Event "DDR-BUL"]
[Site "Zinnowitz"]
[Date "1982.??.??"]
[Round "4"]
[White "Spassov, Liuben"]
[Black "Vogt, Lothar"]
[Result "0-1"]
[WhiteElo "2450"]
[BlackElo "2490"]

1.Nf3 Nf6 2.c4 g6 3.g3 Bg7 4.Bg2 O-O 5.O-O d6 6.d4 Nbd7 7.Nc3 e5 8.e4 a6
9.Re1 exd4 10.Nxd4 Ne5 11.b3 c5 12.Nc2 Rb8 13.h3 Ne8 14.Bb2 b5 15.f4 Nc6
16.cxb5 axb5 17.e5 Ne7 18.Ne3 Nf5 19.Nxf5 Bxf5 20.Nd5 c4 21.Qd2 dxe5 22.Bxe5 Bxe5
23.Rxe5 Be6 24.Qb4 Bxd5 25.Rxd5 Qc7 26.Qc5 Qa5 27.Rdd1 Ng7 28.bxc4 Rfc8 29.Qg5 Qa7+
30.Kh2 bxc4 31.a4 c3 32.a5 c2 33.Rdc1 Ne6 34.Qf6 Nd4 35.Re1 Re8 36.Rxe8+ Rxe8
37.Rc1 Re2 38.Qb6 Qd7 39.Qb8+ Kg7 40.Qb2 f6  0-1

[Event "Aarhus"]
[Site "Aarhus"]
[Date "1983.??.??"]
[Round "3"]
[White "Helmers, Knut J"]
[Black "Ftacnik, Lubomir"]
[Result "1/2-1/2"]
[WhiteElo "2465"]
[BlackElo "2560"]

1.Nf3 Nf6 2.c4 g6 3.g3 Bg7 4.Bg2 O-O 5.d4 d5 6.cxd5 Nxd5 7.O-O Nb6 8.Nc3 Nc6
9.Bf4 Nxd4 10.Nxd4 e5 11.Nc6 Qxd1 12.Ne7+ Kh8 13.Rfxd1 exf4 14.Nxc8 Raxc8
15.Bxb7 Rb8 16.Ba6 fxg3 17.hxg3 Rfd8 18.Rac1 c6 19.Rxd8+ Rxd8 20.Bd3 f5 21.b3  1/2-1/2

[Event "Elekes mem-A"]
[Site "Budapest"]
[Date "1983.??.??"]
[Round "?"]
[White "Navarovszky, Laszlo"]
[Black "Poettinger, Harald"]
[Result "1/2-1/2"]
[WhiteElo "2355"]
[BlackElo "2200"]

1.Nf3 Nf6 2.c4 g6 3.g3 Bg7 4.Bg2 O-O 5.O-O d6 6.d4 Nc6 7.d5 Na5 8.Nfd2 c5
9.Nc3 a6 10.Qc2 Rb8 11.b3 b5 12.Bb2 bxc4 13.bxc4 Bh6 14.Ncb1 e5 15.Bc3 Bd7
16.Na3 Rb4  1/2-1/2

[Event "Elekes mem-A"]
[Site "Budapest"]
[Date "1983.??.??"]
[Round "?"]
[White "Marosi, Gyorgy"]
[Black "Navarovszky, Laszlo"]
[Result "1/2-1/2"]
[WhiteElo "2350"]
[BlackElo "2355"]

1.Nf3 Nf6 2.c4 g6 3.g3 Bg7 4.Bg2 O-O 5.O-O d5 6.cxd5 Nxd5 7.d4 c5 8.dxc5 Na6
9.Ng5 Ndb4 10.Nc3 h6 11.Nf3 Qxd1 12.Rxd1 Be6 13.Be3 Bxc3 14.bxc3 Nc2 15.Bxh6 Nxa1
16.Bxf8 Kxf8 17.Rxa1 Nxc5 18.Nd4  1/2-1/2

[Event "Elekes mem-A"]
[Site "Budapest"]
[Date "1983.??.??"]
[Round "?"]
[White "Marosi, Gyorgy"]
[Black "Utasi, Tamas"]
[Result "0-1"]
[WhiteElo "2350"]
[BlackElo "2340"]

1.Nf3 Nf6 2.c4 g6 3.g3 Bg7 4.Bg2 O-O 5.O-O d6 6.d4 Nc6 7.Nc3 a6 8.d5 Na5
9.Nd2 c5 10.Qc2 Rb8 11.b3 b5 12.Bb2 bxc4 13.bxc4 Bh6 14.f4 e5 15.dxe6 Bxe6
16.Nd5 Ng4 17.h3 Bxd5 18.Bxd5 Rxb2 19.Qxb2 Ne3 20.Qa3 Bg7 21.Rab1 Bd4 22.Kh2 Re8
23.Rfe1 Nc2 24.Qf3 Re3 25.Qg2 Ra3 26.Rec1 Ne3 27.Qe4 Rxa2 28.Qd3 Qe8 29.Bf3 Kg7
30.Ne4 Qd8 31.Nd2 Qe7 32.Nf1 Nxf1+ 33.Rxf1 Qc7 34.Rfc1 Nc6 35.Rc2 Rxc2 36.Qxc2 Nb4
37.Qa4 Qa7 38.Qb3 Qb8 39.Re1 a5 40.e3 a4 41.Qb1 Bf6 42.Bd1 a3 43.Bb3 Qa8
44.Re2 Qf3 45.Qe1 Nd3 46.Qd2 Nc1 47.Rg2 Nxb3 48.Qa2 Qxe3 49.Qxa3 Nd2 50.Qxe3 Nf1+
51.Kh1 Nxe3 52.Rd2 Bd4  0-1

[Event "Politicen Cup"]
[Site "Copenhagen"]
[Date "1983.??.??"]
[Round "7"]
[White "Csom, Istvan"]
[Black "Mortensen, Erling"]
[Result "1/2-1/2"]
[WhiteElo "2500"]
[BlackElo "2435"]

1.Nf3 Nf6 2.c4 g6 3.g3 Bg7 4.Bg2 O-O 5.O-O d6 6.d4 Nbd7 7.Nc3 e5 8.h3 Re8
9.Re1 exd4 10.Nxd4 Nc5 11.e4 a5 12.Nb3 Ne6 13.Be3 a4 14.Nd4 Nc5 15.Qc2 c6
16.Rad1 Qa5 17.a3 Nfd7 18.Na2 Nb6 19.Nb4 Bd7 20.Kh2 Re7 21.Bf4 Nc8 22.Nf3 Qc7
23.Nd2 Be6 24.Nf3 Bd7 25.Nd2 Be6 26.Nf3  1/2-1/2

[Event "DDR-ch 32th"]
[Site "Cottbus"]
[Date "1983.??.??"]
[Round "?"]
[White "Vogt, Lothar"]
[Black "Casper, Thomas"]
[Result "0-1"]
[WhiteElo "2510"]
[BlackElo "2355"]

1.Nf3 Nf6 2.c4 g6 3.g3 Bg7 4.Bg2 O-O 5.O-O d6 6.d4 Nbd7 7.Nc3 e5 8.h3 c6
9.Qc2 Re8 10.e4 exd4 11.Nxd4 Nb6 12.b3 d5 13.exd5 cxd5 14.c5 Ne4 15.Rd1 Nxc5
16.Ba3 Ne6 17.Ndb5 Ng5 18.g4 a6 19.Nd6 Re6 20.Nc4 Rc6 21.Qd2 Be6 22.Rac1 Rxc4
23.Nxd5 Rxc1 24.Ne7+ Qxe7 25.Bxe7 Rxd1+ 26.Qxd1 h6 27.f4 Nh7 28.Qd6 Re8 29.Bxb7 Nc8
30.Bxc8 Rxc8 31.Bh4 Bf8 32.Qxa6 Rc2 33.Bf2 Nf6 34.Qd3 Rc1+ 35.Kh2 Bd5 36.g5 Rh1+
37.Kg3 Ne4+ 38.Kg2 Nxf2+ 39.Kxf2 Bc6 40.Qc4 Bb7 41.b4 Rxh3 42.Qc7 Bd5 43.Qd7 Rd3
44.Qb5 Be4 45.Qc4 Rf3+ 46.Kg1 Rxf4 47.b5 hxg5 48.b6 Bf3 49.Qc7 Rb4 50.a4 g4
51.a5 Rb2 52.Kf1 g3 53.Qxg3 Rb1+ 54.Kf2 Bc5+  0-1

[Event "Gausdal Jubilee"]
[Site "Gausdal"]
[Date "1983.??.??"]
[Round "6"]
[White "Pavlovic, Milos"]
[Black "Nykopp, Jan Michael F"]
[Result "1-0"]
[WhiteElo "2295"]
[BlackElo "2285"]

1.Nf3 Nf6 2.c4 g6 3.g3 Bg7 4.Bg2 O-O 5.O-O d5 6.cxd5 Nxd5 7.d4 Nb6 8.Nc3 Nc6
9.d5 Nb4 10.e4 e6 11.Qb3 a5 12.Bg5 f6 13.Be3 Kh8 14.dxe6 Qe8 15.Bh3 f5 16.Ng5 Nc6
17.Nf7+ Kg8 18.exf5 gxf5 19.Bxf5 Ne7 20.Bh3 a4 21.Qc2 Ng6 22.Bxb6 cxb6 23.Nd5 Ra5
24.Nxb6 Bxe6 25.Rfe1 Bxh3 26.Rxe8 Rxe8 27.Nd6 Re7 28.Ndc4 Rf5 29.Rd1 Rf8
30.Nd5 Ref7 31.Nd6 Rd7 32.Ne4 Be6 33.Nc5 Rc8 34.Qe4 Bxd5 35.Rxd5 Re7 36.Qg4 Rce8
37.Nd3 a3 38.bxa3 Re2 39.h4 Rxa2 40.h5 Ra1+ 41.Kg2 Ne7 42.Rg5  1-0

[Event "Havana-B"]
[Site "Havana"]
[Date "1983.??.??"]
[Round "1"]
[White "Ortega, Lexy"]
[Black "Pilarte, Rene"]
[Result "0-1"]
[WhiteElo "2425"]
[BlackElo "2320"]

1.c4 Nf6 2.Nf3 g6 3.g3 Bg7 4.Bg2 O-O 5.Nc3 d6 6.O-O e5 7.d3 Nc6 8.Rb1 a5
9.a3 Re8 10.Nd2 Nd4 11.b4 axb4 12.axb4 c6 13.b5 d5 14.bxc6 bxc6 15.e3 Nf5
16.e4 dxe4 17.Ndxe4 Nxe4 18.Nxe4 Nd4 19.Bg5 f6 20.Be3 Ra3 21.Rb8 Nf5 22.Bb6 Qd7
23.Qb1 Nd4 24.Qb2 Rxd3 25.Nc5 Rd2 26.Qa1 Qg4 27.Qa8 Rd1 28.h3 Qe2 29.Kh2 Rxf1
30.Rxc8 Nf3+  0-1

[Event "Jajce (Women)"]
[Site "Jajce"]
[Date "1983.??.??"]
[Round "9"]
[White "Verus, Biljana"]
[Black "Petrovic, Marija"]
[Result "1/2-1/2"]
[WhiteElo "2055"]
[BlackElo "2085"]

1.c4 Nf6 2.Nf3 g6 3.g3 Bg7 4.Bg2 O-O 5.O-O d6 6.d4 c6 7.Nc3 Qa5 8.h3 e5 9.e4 Nbd7
10.Be3 Re8 11.Qc2 Nf8 12.d5 c5 13.a3 Qd8 14.b4 b6 15.bxc5 bxc5 16.Qa4 Bd7
17.Qa6 Qc7 18.Rab1 Reb8 19.g4 Bc8 20.Nb5 Qb6 21.Qxb6 Rxb6 22.Nd2 N8d7 23.Rb3 a6
24.Nc3 Rab8 25.Rfb1 Rxb3 26.Rxb3 Rxb3 27.Nxb3 Nb6 28.Bf1 h5 29.f3 Bf8 30.Na5 Bd7
31.Nc6 hxg4 32.hxg4 Ne8 33.a4 a5 34.Bd3 f6 35.Nxa5 Nxa4 36.Nb5 Kf7 37.Bd2 Nb2
38.Be2 f5 39.gxf5 gxf5 40.Bc1 Na4 41.Bd1 Nb6 42.Bc2 fxe4 43.fxe4 Nxc4 44.Nxc4 Bxb5
45.Bd3 Bd7 46.Bd2 Be7 47.Ba5 Bg5 48.Be2 Ke7 49.Nb6 Be3+ 50.Kg2 Nf6 51.Nxd7 Kxd7
52.Kf3 Bc1 53.Bb5+ Ke7 54.Be1 Nh7 55.Bh4+ Kf7  1/2-1/2

[Event "URS-ch U26"]
[Site "Jurmala"]
[Date "1983.??.??"]
[Round "?"]
[White "Majorovas, Vitalijus"]
[Black "Kengis, Edvins"]
[Result "1/2-1/2"]
[WhiteElo "2420"]
[BlackElo "2445"]

1.c4 Nf6 2.g3 g6 3.Bg2 Bg7 4.Nf3 O-O 5.d4 d6 6.O-O Nc6 7.Nc3 a6 8.Qd3 Bf5
9.e4 Bg4 10.d5 Bxf3 11.Qxf3 Nd4 12.Qd3 Nd7 13.Be3 c5 14.dxc6 Nxc6 15.Rac1 Nc5
16.Qd2 b5 17.f4 Na5 18.cxb5 Nc4 19.Qe2 Nxe3 20.Qxe3 axb5 21.e5 Ra6 22.Rfd1 Na4
23.Nxb5 Qb8 24.exd6 exd6 25.Nc7 Ra7 26.Nb5 Ra6 27.Nc7 Ra7 28.Nb5  1/2-1/2

[Event "URS-ch U26"]
[Site "Jurmala"]
[Date "1983.??.??"]
[Round "?"]
[White "Majorovas, Vitalijus"]
[Black "Gavrikov, Viktor"]
[Result "0-1"]
[WhiteElo "2420"]
[BlackElo "2485"]

1.Nf3 Nf6 2.c4 g6 3.g3 Bg7 4.Bg2 O-O 5.O-O d5 6.cxd5 Nxd5 7.d4 Nb6 8.Nc3 Nc6
9.e3 e5 10.d5 Na5 11.e4 c6 12.Bg5 f6 13.Be3 cxd5 14.Bxb6 Qxb6 15.Nxd5 Qd8
16.Rc1 Nc6 17.b4 a6 18.a4 f5 19.b5 axb5 20.axb5 fxe4 21.bxc6 bxc6 22.Nxe5 cxd5
23.Nc6 Qd7 24.Qxd5+ Qxd5 25.Ne7+ Kh8 26.Nxd5 Ra2 27.Bxe4 Bd4 28.Nf4 Ba6 29.Bd5 Rd2
30.Bc4 Bc8 31.h4 Bg4 32.Rce1 Rc8 33.Be6 Rc3 34.Kg2 Bf3+ 35.Kh2 Rxf2+ 36.Rxf2 Bxf2
37.Rf1 Bxg3+ 38.Kxg3 Be2+ 39.Kf2 Bxf1 40.Nd5 Rc1  0-1

[Event "Jurmala"]
[Site "Jurmala"]
[Date "1983.??.??"]
[Round "2"]
[White "Romanishin, Oleg M"]
[Black "Lanka, Zigurds"]
[Result "1-0"]
[WhiteElo "2585"]
[BlackElo "2345"]

1.Nf3 Nf6 2.c4 g6 3.g3 Bg7 4.Bg2 O-O 5.O-O d5 6.cxd5 Nxd5 7.d4 c5 8.dxc5 Na6
9.c6 bxc6 10.Na3 Qb6 11.e4 Ndb4 12.Be3 c5 13.Nc4 Qb5 14.Qe2 Be6 15.Rfc1 Rfd8
16.a4 Qe8 17.Ng5 Bd7 18.e5 Bc6 19.Ne4 Rac8 20.Ra3 Bd5 21.Bf4 Qc6 22.h4 Qa8
23.h5 Nc7 24.hxg6 hxg6 25.Bg5 Re8 26.Qg4 Ne6 27.Ne3 Bb7 28.Qh4 Nc6 29.Bf6 Nxe5
30.Bxg7 Kxg7 31.Ng5 Nxg5 32.Qxg5 f6 33.Qf4 Bxg2 34.Nxg2 Rh8 35.Re3 Qb8 36.Rce1 Rh5
37.g4 Rg5 38.f3 Qxb2 39.Qe4 Rd8 40.Nf4 Rd2 41.Ne6+ Kh6  1-0

[Event "Toth mem"]
[Site "Kecskemet"]
[Date "1983.??.??"]
[Round "?"]
[White "Mikhalchishin, Adrian"]
[Black "Hazai, Laszlo"]
[Result "1/2-1/2"]
[WhiteElo "2465"]
[BlackElo "2475"]

1.Nf3 Nf6 2.c4 g6 3.g3 Bg7 4.Bg2 O-O 5.O-O d6 6.d4 Nbd7 7.Qc2 e5 8.Rd1 Re8
9.dxe5 dxe5 10.e4 c6 11.h3 Qe7 12.b3 Nc5 13.Nc3 Nfd7 14.Ba3 Qf6 15.b4 Ne6
16.c5 h5 17.Bb2 g5 18.Ne2 a5 19.a3 axb4 20.axb4 Rxa1 21.Bxa1 h4 22.Nh2 Qg6
23.Ng4 Nd4 24.Nxd4 exd4 25.Bxd4 Nf8 26.Ne3 g4 27.hxg4 hxg3 28.Nf5 gxf2+ 29.Kxf2 Bxd4+
30.Rxd4 Bxf5 31.gxf5 Qf6 32.Rd2 Ng6 33.Kg1 Ne5 34.Rd6 Qg5 35.Qc3 Kf8 36.b5 cxb5
37.f6 b4 38.Qh3 Ng6 39.Kh1 Ra8 40.Bf1 Nf4  1/2-1/2

[Event "Netanya"]
[Site "Netanya"]
[Date "1983.??.??"]
[Round "2"]
[White "Quinteros, Miguel A"]
[Black "Pavlov, Mircea"]
[Result "1-0"]
[WhiteElo "2515"]
[BlackElo "2400"]

1.Nf3 Nf6 2.g3 g6 3.Bg2 Bg7 4.c4 O-O 5.O-O d6 6.d4 c6 7.Nc3 Qa5 8.h3 Be6
9.d5 cxd5 10.Nd4 Bd7 11.cxd5 Rc8 12.e3 Be8 13.a3 Nbd7 14.b4 Qa6 15.Bb2 Ne5
16.Ra2 Rc7 17.Qb1 Rac8 18.Rc1 Qb6 19.Bf1 Nc4 20.Ba1 Bh6 21.Qd3 Ne5 22.Qd1 Ne4
23.Rac2 Nxg3 24.Bb5 Bxb5 25.Ncxb5 Rxc2 26.Rxc2 Rf8 27.fxg3 a6 28.Nc7 Bxe3+
29.Kg2 Rc8 30.Nce6 Rxc2+ 31.Qxc2 fxe6 32.Qc8+ Kf7 33.Nxe6 Bh6 34.Qh8 g5 35.Qxh7+ Ke8
36.Bd4  1-0

[Event "Nordic-tt"]
[Site "Oslo"]
[Date "1983.??.??"]
[Round "?"]
[White "Kaiszauri, Konstanty"]
[Black "Flis, Jacek"]
[Result "1/2-1/2"]
[WhiteElo "2375"]
[BlackElo "2410"]

1.c4 g6 2.g3 Bg7 3.Bg2 Nf6 4.Nf3 O-O 5.O-O d6 6.Nc3 e5 7.Rb1 a5 8.a3 Nc6
9.b4 axb4 10.axb4 Bf5 11.d3 Qd7 12.b5 Nd8 13.Nd5 Nxd5 14.cxd5 c6 15.dxc6 bxc6
16.Bg5 d5 17.Bxd8  1/2-1/2

[Event "Nordic-tt"]
[Site "Oslo"]
[Date "1983.??.??"]
[Round "?"]
[White "Sloth, Jorn"]
[Black "Wibe, Terje"]
[Result "1/2-1/2"]
[WhiteElo "2375"]
[BlackElo "2390"]

1.Nf3 Nf6 2.c4 g6 3.g3 Bg7 4.Bg2 O-O 5.Nc3 d6 6.O-O e5 7.d3 Nc6 8.Bg5 h6
9.Bxf6 Qxf6 10.Rb1 Be6 11.Nd2 Qd8 12.e3 Qd7 13.Qa4 Bh3 14.Bxh3 Qxh3 15.Nd5 f5
16.Qb5 Rab8 17.Nxc7 f4 18.Qd5+ Kh8 19.Qg2 Qf5 20.Qe4 Qh3 21.Nd5 g5 22.Kh1 Rbe8
23.Qg2 Qf5 24.e4 Qd7 25.f3 Rf7 26.b4 Rg8 27.g4 Bf8 28.Nb3 Qe6 29.Qf2 h5 30.Rg1 Rh7
31.gxh5 Rxh5 32.Rg4 Rg7 33.Rbg1 a6 34.R1g2 Be7 35.b5 axb5 36.cxb5 Nd8 37.Qb6 Rgh7
38.Nxe7 Qxe7 39.Qg1 Ne6 40.d4 Qc7 41.d5 Ng7 42.b6 Qc4 43.Qc1 Qb5 44.Rxg5 Rxg5
45.Rxg5 Ne8 46.Qg1 Rg7 47.Rxg7 Nxg7 48.Kg2 Nh5 49.Kh3 Nf6 50.Nd2 Qd7+ 51.Kg2 Qa4
52.Qb1 Nd7 53.Qb3 Qd4 54.Qc2 Nxb6 55.Nb3 Qa4 56.Qf2 Nc4 57.Qh4+ Kg7 58.Qe7+ Kg6
59.Qe6+  1/2-1/2

[Event "Poznan"]
[Site "Poznan"]
[Date "1983.??.??"]
[Round "4"]
[White "Doda, Zbigniew"]
[Black "Kupka, Slavoj"]
[Result "0-1"]
[WhiteElo "2320"]
[BlackElo "2360"]

1.Nf3 Nf6 2.c4 g6 3.g3 Bg7 4.Bg2 O-O 5.O-O d6 6.d4 Nc6 7.Nc3 a6 8.d5 Na5
9.Nd2 c5 10.Qc2 Rb8 11.b3 b5 12.Bb2 bxc4 13.bxc4 Bh6 14.Ncb1 Bd7 15.Bc3 Ng4
16.h3 Ne5 17.Na3 g5 18.Rab1 Qc7 19.e3 f5 20.f4 Nf7 21.Kh2 Rxb1 22.Rxb1 Bg7
23.Bxg7 Kxg7 24.Qc3+ Kg8 25.Nc2 Re8 26.Rf1 gxf4 27.gxf4 e5 28.Bf3 Nb7 29.Bh5 Qa5
30.Qd3 Nbd8 31.e4 exf4 32.Rxf4 Qxa2 33.exf5 Re5 34.Rf2 Kf8 35.Ne3 Qb2 36.Ng4 Rxf5
37.Rg2 Rxh5 38.Nf3 Qc1 39.Kg3 Qh1 40.Rh2 Qc1 41.Nf6 Bf5 42.Qe2 Rh6  0-1

[Event "Prague"]
[Site "Prague"]
[Date "1983.??.??"]
[Round "1"]
[White "Neckar, Lubomir"]
[Black "Pekarek, Ales"]
[Result "1/2-1/2"]
[WhiteElo "2425"]
[BlackElo "2335"]

1.Nf3 Nf6 2.c4 g6 3.g3 Bg7 4.Bg2 O-O 5.O-O d6 6.d4 Nbd7 7.Nc3 e5 8.e4 c6
9.Rb1 Re8 10.b3 exd4 11.Nxd4 Nc5 12.Re1 a5 13.Bf4 Nh5 14.Be3 Qc7 15.h3 Be6
16.Qc2 Rad8 17.Rbd1 Bc8 18.a3 Nf6 19.f4 Qe7 20.Bf2 Nfd7 21.Re2 Qf6 22.Red2 h5
23.Nde2 Bf8 24.b4  1/2-1/2

[Event "Prague"]
[Site "Prague"]
[Date "1983.??.??"]
[Round "4"]
[White "Neckar, Lubomir"]
[Black "Mozny, Milos"]
[Result "1/2-1/2"]
[WhiteElo "2425"]
[BlackElo "2260"]

1.Nf3 Nf6 2.c4 g6 3.g3 Bg7 4.Bg2 O-O 5.O-O d6 6.d4 Nbd7 7.Nc3 e5 8.e4 c6
9.Rb1 exd4 10.Nxd4 Re8 11.h3 Nc5 12.Re1 a5 13.Bf4 Nh5 14.Be3 Nf6 15.Qc2 Bd7
16.b3 Qe7 17.Rbd1 Nfxe4  1/2-1/2

[Event "Kamen Piskov mem 3"]
[Site "Ruse"]
[Date "1983.??.??"]
[Round "2"]
[White "Atanasov, Petko"]
[Black "Peev, Peicho Chonev"]
[Result "1/2-1/2"]
[WhiteElo "2400"]
[BlackElo "2410"]

1.Nf3 g6 2.g3 Bg7 3.Bg2 Nf6 4.c4 O-O 5.Nc3 d6 6.d4 Nc6 7.O-O Bg4 8.d5 Ne5
9.Nd2 c5 10.h3 Bd7 11.e4 a6 12.a4 Rb8 13.Re1  1/2-1/2

[Event "Silkeborg"]
[Site "Silkeborg"]
[Date "1983.??.??"]
[Round "2"]
[White "Knudsen, Per"]
[Black "Scheeren, Peter"]
[Result "0-1"]
[WhiteElo "2295"]
[BlackElo "2455"]

1.Nf3 Nf6 2.c4 g6 3.g3 Bg7 4.Bg2 O-O 5.O-O d6 6.d4 Nbd7 7.Nc3 e5 8.e4 c6
9.h3 Qb6 10.c5 dxc5 11.dxe5 Ne8 12.Bg5 Nxe5 13.Na4 Nxf3+ 14.Qxf3 Qa5 15.Qb3 c4  0-1

[Event "BCF-ch"]
[Site "Southport"]
[Date "1983.??.??"]
[Round "9"]
[White "Davies, Nigel R"]
[Black "Knott, Simon JB"]
[Result "1/2-1/2"]
[WhiteElo "2375"]
[BlackElo "2250"]

1.Nf3 Nf6 2.g3 g6 3.Bg2 Bg7 4.c4 O-O 5.d4 d5 6.O-O Nc6 7.Nc3 dxc4 8.h3 Nd5
9.e4 Nb6 10.Be3 e5 11.d5 Ne7 12.Qd2 Bd7 13.Bh6 f6 14.Bxg7 Kxg7 15.h4 c6 16.d6 Nec8
17.a4 Be6 18.a5 Nd7 19.Na4 b5 20.axb6 Ncxb6 21.Qb4 a5 22.Qa3 Nxa4 23.Qxa4 Qb6
24.Qc2 Rfb8 25.Rfb1 Qb3 26.Qc1 Nc5 27.Ra3 Qb6 28.h5 Nxe4 29.Re3 c3 30.Rxe4 Qxb2
31.h6+ Kf8 32.d7 Qxc1+ 33.Rxc1 a4 34.Rxc3 a3 35.Re1 a2 36.Rcc1 Ra7 37.Nd2 Rxd7
38.Ne4 Rd3 39.Nc5 Rd6 40.Nxe6+ Rxe6 41.Bxc6 a1=Q  1/2-1/2

[Event "Tatran Cup"]
[Site "Stary Smokovec"]
[Date "1983.??.??"]
[Round "4"]
[White "Schneider, Attila"]
[Black "Banas, Jan"]
[Result "1/2-1/2"]
[WhiteElo "2410"]
[BlackElo "2330"]

1.Nf3 Nf6 2.c4 g6 3.g3 Bg7 4.Bg2 O-O 5.O-O d5 6.cxd5 Nxd5 7.d4 Nc6 8.e4 Nb6
9.d5 Na5 10.Nd4 c6 11.Nb3 Nac4 12.Nc3 cxd5 13.exd5 Re8 14.Re1 Nd6 15.Nd4 Nbc4
16.b3 Nf5 17.Nde2 Ncd6 18.Bb2 Qa5 19.Na4 Bd7 20.Bxg7 Nxg7 21.Nac3 Rac8 22.Rc1 Bg4
23.Qd3 Bxe2 24.Rxe2 Rc7 25.Rec2 Rec8 26.Bf3 Qb4 27.Ne2 Rxc2  1/2-1/2

[Event "DEN-ch"]
[Site "Tarnby"]
[Date "1983.??.??"]
[Round "10"]
[White "Hansen, Curt"]
[Black "Kristiansen, Jens"]
[Result "1-0"]
[WhiteElo "2450"]
[BlackElo "2445"]

1.Nf3 Nf6 2.c4 g6 3.g3 Bg7 4.Bg2 O-O 5.O-O d6 6.Nc3 e5 7.d3 Nh5 8.Qc2 a5
9.Rb1 f5 10.a3 f4 11.b4 axb4 12.axb4 Bg4 13.b5 Nd7 14.Bb2 Nc5 15.Ra1 Rxa1
16.Rxa1 Qd7 17.Ng5 Bh6 18.Nge4 Ne6 19.Nd5 Ng5 20.Ra8 Qf7 21.Rxf8+ Kxf8 22.Nxg5 Bxg5
23.c5 fxg3 24.hxg3 c6 25.bxc6 bxc6 26.Qa4 Bxe2 27.Qxc6 dxc5 28.Qd6+ Be7 29.Qxe5  1-0